000 00262nam a22000977a 4500
020 _a23117303
110 1 _aTribunal Constitucional de la República Dominicana
_987774
245 0 _aAnuario 2023
264 _aSanto Domingo :
_bBúho,
_c2024.
300 _a862 páginas :
999 _c58538
_d58538